|
|
|
|
| LEADER |
00000naa a2200000uu 4500 |
| 001 |
vtls011051330 |
| 003 |
SK-MaSNL |
| 005 |
20260302113501.0 |
| 008 |
210904|2001 xo |||||||||||||||||eng| |
| 015 |
|
|
|a SNBRA
|
| 035 |
|
|
|a (urnnbn)urn:nbn:sk:snk:ar-a0buob
|
| 035 |
|
|
|a (uuid)75013654-ef88-4d68-86e1-9dd13b8c7bc4
|
| 035 |
|
|
|a urn:nbn:sk:snk-aav1pk
|
| 040 |
|
|
|a SNKBUCL
|b slo
|c SNKBUCL
|e AACR2
|
| 041 |
0 |
|
|a eng
|
| 044 |
|
|
|a xo
|c SK
|
| 100 |
1 |
|
|a Hreňo, Ján
|4 aut
|9 791824
|
| 245 |
1 |
0 |
|a ANNOTATION OF DOCUMENT WITH ONTOLOGY
|c Ján Hreňo
|
| 773 |
0 |
|
|t 1. Doktorandská konferencia Študentská vedecká odborná činnosť FEI TU v Košiciach
|d Košice : ETC Grafo, 2001
|g S. 35-36
|z 8096839527
|
| 958 |
|
|
|a OND
|
| 958 |
|
|
|a article12
|
| 958 |
|
|
|a chapter
|
| 999 |
|
|
|c 1255827
|d 1257757
|